[Event "Cto por Equipos de Aragon Division de Ho"]
[Site "?"]
[Date "2026.02.21"]
[Round "5.8"]
[White "Lorente Melcon, Hector"]
[Black "Gimenez Martinez, Alberto"]
[Result "0-1"]
[WhiteElo "2070"]
[BlackElo "2103"]
[PlyCount "100"]
[GameId "2282252578320819"]
[EventDate "2026.01.24"]
[WhiteTeam "MyInvestor Casablanca B"]
[BlackTeam "Agrupacion"]

1. e4 c5 2. Nf3 d6 3. Bc4 Nf6 4. d3 a6 5. c3 b5 6. Bb3 Bb7 7. O-O e6 8. Re1 Be7 9. Nbd2 O-O 10. Nf1 c4 11. dxc4 Nxe4 12. cxb5 axb5 13. Nd4 b4 14. cxb4 Qb6 15. Be3 Qxb4 16. a3 Qa5 17. Nd2 Nc5 18. Bc2 Qd8 19. Nb5 Nc6 20. Bxc5 dxc5 21. Re3 g6 22. Ne4 Nd4 23. Nbc3 f5 24. Nd2 Bg5 25. Nc4 Bxe3 26. fxe3 Nxc2 27. Qxc2 Qg5 28. g3 Bd5 29. Qe2 Bxc4 30. Qxc4 Qxe3+ 31. Kh1 Rad8 32. Qf1 Rd2 33. Re1 Qd4 34. Rxe6 Rxb2 35. Qe1 Qd2 36. Qxd2 Rxd2 37. Re5 c4 38. a4 Rc2 39. Nd5 Rb8 40. Re1 Rbb2 41. a5 Rxh2+ 42. Kg1 Rbg2+ 43. Kf1 Rh1+ 44. Kxg2 Rxe1 45. a6 Ra1 46. Nb4 Ra4 47. Nd5 Rxa6 48. Kf2 Ra3 49. Ne3 c3 50. Ke2 c2 0-1

[Event "Cto por Equipos de Aragon Division de Ho"]
[Site "?"]
[Date "2026.02.21"]
[Round "5.9"]
[White "Lana Rodriguez, David"]
[Black "Chueca Forcen, Alberto"]
[Result "0-1"]
[WhiteElo "2340"]
[BlackElo "2283"]
[PlyCount "97"]
[GameId "2282252578320820"]
[EventDate "2026.01.24"]
[WhiteTeam "Marcos Frechin"]
[BlackTeam "Teruel"]

1. e4 e5 2. Nf3 Nf6 3. Nxe5 d6 4. Nf3 Nxe4 5. d4 d5 6. Bd3 Bd6 7. O-O O-O 8. c4 c6 9. Nc3 Nxc3 10. bxc3 dxc4 11. Bxc4 Bf5 12. Re1 Nd7 13. h3 h6 14. Bb3 Qf6 15. c4 Rfe8 16. Rxe8+ Rxe8 17. Be3 c5 18. Ba4 Rd8 19. Rc1 Be4 20. Nd2 Bg6 21. d5 b6 22. Bc2 Re8 23. Bxg6 Qxg6 24. Qa4 Re7 25. Qc2 Ne5 26. Qxg6 Nxg6 27. a4 f5 28. Nf3 Kf7 29. Kf1 Ke8 30. a5 Kd7 31. axb6 axb6 32. Ra1 Kc8 33. Ra8+ Bb8 34. Nh4 Nxh4 35. Bf4 Re1+ 36. Kxe1 Nxg2+ 37. Kd2 Nxf4 38. Ke3 g5 39. h4 Kb7 40. Ra1 gxh4 41. Kf3 h3 42. Rh1 h5 43. Kg3 Nd3+ 44. Kf3 h2 45. Kg2 h4 46. Rf1 h3+ 47. Kh1 Bf4 48. f3 Kc7 49. d6+ 0-1

[Event "Cto por Equipos de Aragon Division de Ho"]
[Site "?"]
[Date "2026.02.21"]
[Round "5.10"]
[White "Cabrera Moreno, Daniel"]
[Black "Hinojar Basa, Alfonso"]
[Result "1/2-1/2"]
[WhiteElo "2138"]
[BlackElo "2152"]
[PlyCount "40"]
[GameId "2282252578382261"]
[EventDate "2026.01.24"]
[WhiteTeam "Teruel"]
[BlackTeam "Marcos Frechin"]

1. e4 c5 2. Nf3 e6 3. c3 Nf6 4. e5 Nd5 5. Bc4 d6 6. O-O Be7 7. d4 cxd4 8. Bxd5 exd5 9. exd6 Qxd6 10. Qxd4 O-O 11. Bf4 Qc5 12. Nbd2 Nc6 13. Qxc5 Bxc5 14. Nb3 Bb6 15. Rad1 Rd8 16. h3 h6 17. Nbd4 Nxd4 18. Nxd4 Bxd4 19. Rxd4 Be6 20. Rfd1 Rdc8 1/2-1/2

[Event "Cto por Equipos de Aragon Division de Ho"]
[Site "?"]
[Date "2026.02.21"]
[Round "5.11"]
[White "Sanz Pueyo, Adrian"]
[Black "Dominguez Bujeda, Jesus"]
[Result "1-0"]
[WhiteElo "2083"]
[BlackElo "2064"]
[PlyCount "93"]
[GameId "2282252578382262"]
[EventDate "2026.01.24"]
[WhiteTeam "Marcos Frechin"]
[BlackTeam "Teruel"]

1. e4 c5 2. Nf3 g6 3. d4 cxd4 4. Nxd4 Nc6 5. c4 Nf6 6. Nc3 d6 7. Be2 Nxd4 8. Qxd4 Bg7 9. Be3 Be6 10. O-O O-O 11. Qd3 Nd7 12. Bd4 Bxd4 13. Qxd4 Qb6 14. Nb5 Rfc8 15. b3 a6 16. Qxb6 Nxb6 17. Nd4 Bd7 18. f4 a5 19. a4 Rc5 20. Rad1 Bc6 21. Bf3 Ra7 22. Rfe1 Nd7 23. e5 dxe5 24. fxe5 Rxe5 25. Bxc6 Rxe1+ 26. Rxe1 bxc6 27. Nxc6 Ra6 28. Nxe7+ Kf8 29. Nd5 Nc5 30. Re3 Re6 31. Kf2 Rxe3 32. Kxe3 Nxb3 33. Nb6 Ke7 34. c5 Nxc5 35. Kd4 Ne6+ 36. Kc4 Nc7 37. Kc5 f5 38. Nc4 g5 39. Nxa5 f4 40. h3 h5 41. Nc6+ Kf6 42. a5 g4 43. hxg4 hxg4 44. Kd4 f3 45. gxf3 g3 46. Ke3 Nd5+ 47. Ke2 1-0

[Event "Cto por Equipos de Aragon Division de Ho"]
[Site "?"]
[Date "2026.02.21"]
[Round "5.12"]
[White "Navarro Remon, Mario"]
[Black "Moya Gimeno, Raul"]
[Result "1/2-1/2"]
[WhiteElo "1916"]
[BlackElo "2001"]
[PlyCount "96"]
[GameId "2282252578382263"]
[EventDate "2026.01.24"]
[WhiteTeam "Teruel"]
[BlackTeam "Marcos Frechin"]

1. d4 Nf6 2. Bf4 g6 3. c4 Bg7 4. Nc3 O-O 5. e4 d6 6. h3 Nbd7 7. Nge2 e5 8. dxe5 dxe5 9. Be3 c6 10. g4 Qe7 11. Ng3 Nc5 12. Be2 Rd8 13. Qb1 Ne6 14. Qc1 Qc7 15. f3 Nf4 16. Kf2 Be6 17. Na4 b6 18. h4 Rd7 19. Qc2 Rad8 20. Rad1 Nxe2 21. Kxe2 Rxd1 22. Rxd1 Rxd1 23. Kxd1 Qd7+ 24. Ke1 Bf8 25. b3 Bb4+ 26. Ke2 Bxg4 27. fxg4 Qxg4+ 28. Kf2 Qxh4 29. Kg2 Ng4 30. Bg1 h5 31. Qd3 Qg5 32. Kh3 Bd2 33. Nc3 h4 34. Nge2 Be3 35. Nd1 Bf4 36. Qf3 Nf6 37. Bf2 Qh6 38. Nxf4 exf4 39. Bd4 Qg5 40. Nf2 c5 41. Bb2 Nh5 42. Ng4 Qd8 43. Qc3 Kh7 44. Kg2 f6 45. Kf2 Qd1 46. Nxf6+ Nxf6 47. Qxf6 Qd2+ 48. Kf1 Qd1+ 1/2-1/2

[Event "Cto por Equipos de Aragon Division de Ho"]
[Site "?"]
[Date "2026.02.21"]
[Round "5.13"]
[White "Alonso Blasco, Jose Miguel"]
[Black "Adla, Diego"]
[Result "1/2-1/2"]
[WhiteElo "1903"]
[BlackElo "2379"]
[PlyCount "105"]
[GameId "2282252578382264"]
[EventDate "2026.01.24"]
[WhiteTeam "Las Fuentes"]
[BlackTeam "MyInvestor Casablanca A"]

1. e4 c5 2. Nf3 d6 3. Bb5+ Nd7 4. d4 Ngf6 5. Nc3 cxd4 6. Qxd4 e5 7. Qd3 h6 8. Be3 Be7 9. Bc4 a6 10. a4 O-O 11. O-O Qc7 12. Nd5 Nxd5 13. Bxd5 Nf6 14. Bb3 b6 15. Nh4 d5 16. exd5 e4 17. Qc3 Qxc3 18. bxc3 Bd6 19. g3 Bh3 20. Ng2 Nd7 21. f4 exf3 22. Rxf3 b5 23. Bd4 Ne5 24. Bxe5 Bxe5 25. axb5 axb5 26. Re1 Bd6 27. c4 b4 28. Nf4 Bg4 29. Rff1 Rfe8 30. Kg2 Bf5 31. Kf3 Rec8 32. Ra1 Ra3 33. Kg2 Be4+ 34. Kh3 g5 35. Nh5 Bg6 36. Nf6+ Kg7 37. Rae1 Raa8 38. Kg4 Bc5 39. h4 gxh4 40. gxh4 Ra6 41. Nh5+ Bxh5+ 42. Kxh5 Rg6 43. Rf4 Ra8 44. Rg4 Raa6 45. Re6 Raxe6 46. dxe6 Rxg4 47. Kxg4 fxe6 48. h5 Kf6 49. Ba4 Ke5 50. Bd7 Kd6 51. Bc8 Bd4 52. Kf4 Bb2 53. Ke4 1/2-1/2

[Event "Cto por Equipos de Aragon Division de Ho"]
[Site "?"]
[Date "2026.02.21"]
[Round "5.14"]
[White "Glavina, Pablo"]
[Black "Javierre Conesa, Alfonso"]
[Result "1-0"]
[WhiteElo "2341"]
[BlackElo "1898"]
[PlyCount "45"]
[GameId "2282252578382265"]
[EventDate "2026.01.24"]
[WhiteTeam "MyInvestor Casablanca A"]
[BlackTeam "Las Fuentes"]

1. c4 e6 2. g3 d5 3. Bg2 Nf6 4. Nf3 c6 5. Qc2 Nbd7 6. O-O Be7 7. d4 O-O 8. b3 b6 9. Rd1 Bb7 10. Nc3 c5 11. cxd5 exd5 12. dxc5 bxc5 13. Nh4 Nb6 14. Nf5 Rc8 15. a4 a5 16. Nb5 Re8 17. Bf4 Rc6 18. e4 d4 19. e5 Nfd5 20. Bd2 Bc8 21. Bxa5 Be6 22. Nfxd4 Rc8 23. Nf5 1-0

[Event "Cto por Equipos de Aragon Division de Ho"]
[Site "?"]
[Date "2026.02.21"]
[Round "5.15"]
[White "Pascual Sese, Lucas"]
[Black "Atares Buisan, Sergio"]
[Result "0-1"]
[WhiteElo "1838"]
[BlackElo "2193"]
[PlyCount "68"]
[GameId "2282252578382266"]
[EventDate "2026.01.24"]
[WhiteTeam "Las Fuentes"]
[BlackTeam "MyInvestor Casablanca A"]

1. d4 Nf6 2. Nf3 e6 3. c3 c5 4. e3 d5 5. Bd3 Nc6 6. Nbd2 Bd6 7. Qe2 O-O 8. h3 e5 9. dxe5 Nxe5 10. Nxe5 Bxe5 11. Nf3 Bc7 12. Qc2 b6 13. b4 Re8 14. Bb2 h6 15. O-O-O Qe7 16. Bb5 Rd8 17. Bc6 Rb8 18. b5 a6 19. a4 axb5 20. axb5 Be6 21. Rhe1 Rd6 22. Ng1 Rxc6 23. bxc6 b5 24. f3 b4 25. Qa4 Be5 26. Ne2 Bf5 27. g4 Bg6 28. Nd4 bxc3 29. Bxc3 cxd4 30. Bxd4 Bxd4 31. exd4 Qd6 32. Re3 Rb1+ 33. Kd2 Qh2+ 34. Ke1 Rb2 0-1

[Event "Cto por Equipos de Aragon Division de Ho"]
[Site "?"]
[Date "2026.02.21"]
[Round "5.16"]
[White "Miranda Herrera, Belen"]
[Black "Edeso Perez, Francisco"]
[Result "1-0"]
[WhiteElo "2039"]
[BlackElo "1768"]
[PlyCount "61"]
[GameId "2282252578382267"]
[EventDate "2026.01.24"]
[WhiteTeam "MyInvestor Casablanca A"]
[BlackTeam "Las Fuentes"]

1. e4 c5 2. Nf3 d6 3. d4 cxd4 4. Nxd4 Nf6 5. Nc3 e6 6. Be3 Be7 7. Bc4 O-O 8. O-O Nc6 9. Qe2 Nxd4 10. Bxd4 a6 11. a4 e5 12. Be3 Ng4 13. Nd5 Nxe3 14. Qxe3 Bg5 15. Qd3 Be6 16. b4 Bxd5 17. Bxd5 Qc7 18. a5 Rac8 19. c4 g6 20. Rfb1 b6 21. axb6 Qxb6 22. Qa3 Qd4 23. Qxa6 Bh4 24. g3 Be7 25. Qb7 Rfe8 26. b5 Rxc4 27. Bxc4 Qxc4 28. Qd7 Kf8 29. b6 Qxe4 30. b7 Rb8 31. Qc8+ 1-0

[Event "Cto por Equipos de Aragon Division de Ho"]
[Site "?"]
[Date "2026.02.21"]
[Round "5.17"]
[White "Arrieta Restrepo, Steven"]
[Black "Villuendas Valero, Adrian"]
[Result "0-1"]
[WhiteElo "2114"]
[BlackElo "2288"]
[PlyCount "80"]
[GameId "2282252578382268"]
[EventDate "2026.01.24"]
[WhiteTeam "Monzon"]
[BlackTeam "Aulazenter"]

1. d4 e6 2. c4 Bb4+ 3. Bd2 a5 4. a3 Bxd2+ 5. Qxd2 d6 6. Nf3 Nf6 7. Nc3 Nc6 8. e4 e5 9. d5 Ne7 10. h3 O-O 11. Bd3 Nd7 12. g4 Nc5 13. Bc2 a4 14. Qe3 Ng6 15. O-O-O Bd7 16. h4 Bxg4 17. h5 Bxf3 18. Qxf3 Nf4 19. Rdg1 Qf6 20. Kb1 Nxd5 21. Rxg7+ Kxg7 22. Qg3+ Kh8 23. Nxd5 Qh6 24. Nxc7 Rac8 25. Nd5 Ne6 26. Ne7 Rc7 27. Nf5 Qf4 28. Nxd6 Qxg3 29. fxg3 Rd8 30. Nb5 Rxc4 31. Nc3 Rdd4 32. Rf1 Kg7 33. h6+ Kxh6 34. Rxf7 Rd6 35. Bxa4 Nc5 36. Bc2 Rg6 37. Rf3 Ne6 38. Bb3 Nd4 39. Bxc4 Nxf3 40. Ne2 Nd2+ 0-1

[Event "Cto por Equipos de Aragon Division de Ho"]
[Site "?"]
[Date "2026.02.21"]
[Round "5.18"]
[White "Asensio Asensio, Nicolas"]
[Black "Hidalgo Gracia, Andres"]
[Result "1-0"]
[WhiteElo "2220"]
[BlackElo "2105"]
[PlyCount "69"]
[GameId "2282252578382269"]
[EventDate "2026.01.24"]
[WhiteTeam "Aulazenter"]
[BlackTeam "Monzon"]

1. e4 c6 2. Nf3 d5 3. Nc3 dxe4 4. Nxe4 Nf6 5. Qe2 Na6 6. Nxf6+ gxf6 7. d4 Bg4 8. c3 Qd5 9. Bf4 e6 10. Qe3 Bxf3 11. gxf3 Bd6 12. Bxa6 bxa6 13. Bg3 O-O-O 14. O-O h5 15. Kh1 Bxg3 16. fxg3 h4 17. g4 f5 18. gxf5 Qxf5 19. Qe4 Qd5 20. Rg1 Rhg8 21. b3 Kc7 22. Qf4+ Kb6 23. Rxg8 Rxg8 24. Rg1 e5 25. dxe5 Rxg1+ 26. Kxg1 Qd1+ 27. Kg2 Qc2+ 28. Kh3 Qxc3 29. Kxh4 a5 30. Kg5 a4 31. bxa4 Qe1 32. h4 c5 33. h5 Qg1+ 34. Qg4 Qe3+ 35. Kf6 1-0

[Event "Cto por Equipos de Aragon Division de Ho"]
[Site "?"]
[Date "2026.02.21"]
[Round "5.19"]
[White "Garcia Arrazola, Jesus Maria"]
[Black "Buil Solana, Mario"]
[Result "0-1"]
[WhiteElo "1782"]
[BlackElo "1883"]
[PlyCount "134"]
[GameId "2282252578447806"]
[EventDate "2026.01.24"]
[WhiteTeam "Aulazenter"]
[BlackTeam "Monzon"]

1. d4 d5 2. c4 dxc4 3. Nf3 Nf6 4. e3 e6 5. Bxc4 a6 6. O-O c5 7. dxc5 Bxc5 8. Qxd8+ Kxd8 9. Nc3 b5 10. Rd1+ Ke7 11. Be2 Bb7 12. a3 Nbd7 13. b4 Bd6 14. Bb2 Rac8 15. Rac1 Nb6 16. Bd3 Bxf3 17. gxf3 Nc4 18. Bxc4 Rxc4 19. Ne2 Rhc8 20. Bxf6+ gxf6 21. Rxc4 Rxc4 22. Rc1 Be5 23. Rxc4 bxc4 24. Kf1 Bb2 25. a4 Kd6 26. Ke1 Ba3 27. b5 axb5 28. axb5 Kc5 29. Kd1 Kxb5 30. Kc2 Bb4 31. Nd4+ Kc5 32. Kd1 Kd5 33. Nc2 Ba5 34. f4 c3 35. Ke2 Kc4 36. h3 Kb3 37. Kd3 Kb2 38. Ne1 f5 39. f3 Bd8 40. Nc2 Bh4 41. Nd4 Bf2 42. Nc2 Bg1 43. Nb4 f6 44. Nc2 e5 45. fxe5 fxe5 46. e4 f4 47. Nb4 Be3 48. Nc2 Bd4 49. Ne1 Kc1 50. Nc2 Kd1 51. Nb4 Ke1 52. Nc2+ Kd1 53. Nb4 Bb6 54. Nc2 Ba5 55. Na3 Ke1 56. Nc4 Bb4 57. Kc2 Kf2 58. Nxe5 Ke3 59. Nd3 Be7 60. Ne5 Bb4 61. Nd3 Bf8 62. Kxc3 Kxf3 63. e5 Kg3 64. Kd2 f3 65. Ke1 Kg2 66. Nf4+ Kg1 67. Nd3 Bb4+ 0-1

[Event "Cto por Equipos de Aragon Division de Ho"]
[Site "?"]
[Date "2026.02.21"]
[Round "5.20"]
[White "Moreno Gracia, Daniel"]
[Black "Cid Royo, Jonathan"]
[Result "0-1"]
[WhiteElo "2275"]
[BlackElo "2128"]
[PlyCount "64"]
[GameId "2282252578447807"]
[EventDate "2026.01.24"]
[WhiteTeam "Iberajedrez Mundo 64"]
[BlackTeam "L'Aurora Estadilla M64"]

1. c4 c5 2. Nf3 d6 3. d4 cxd4 4. Nxd4 Nf6 5. Nc3 g6 6. e4 Bg7 7. Be2 O-O 8. O-O Nc6 9. Nc2 Nd7 10. Bd2 a5 11. Rc1 Nc5 12. b3 b6 13. f3 h6 14. Kh1 Kh7 15. Na3 f5 16. exf5 Bxf5 17. Be3 a4 18. Nab5 axb3 19. axb3 Nb4 20. Nd5 Nxd5 21. cxd5 Ra2 22. b4 Rxe2 23. Qxe2 Bd3 24. Qd1 Bxb5 25. bxc5 Bxf1 26. cxb6 Ba6 27. Rc7 Rf5 28. g4 Re5 29. Qb3 Qa8 30. Ra7 Qc8 31. b7 Bxb7 32. Rxb7 Rxe3 0-1

[Event "Cto por Equipos de Aragon Division de Ho"]
[Site "?"]
[Date "2026.02.21"]
[Round "5.21"]
[White "Pellicer Cerezuela, Miguel"]
[Black "Lopez Gracia, Fernando"]
[Result "0-1"]
[WhiteElo "2062"]
[BlackElo "2229"]
[PlyCount "56"]
[GameId "2282252578447808"]
[EventDate "2026.01.24"]
[WhiteTeam "L'Aurora Estadilla M64"]
[BlackTeam "Iberajedrez Mundo 64"]

1. d4 Nf6 2. c4 e6 3. Nc3 Bb4 4. e3 O-O 5. Nge2 c6 6. a3 Ba5 7. g3 d5 8. Bg2 dxc4 9. O-O Nbd7 10. e4 e5 11. Bg5 h6 12. Bxf6 Qxf6 13. d5 Nc5 14. dxc6 bxc6 15. Qc2 Rd8 16. h3 Rb8 17. f4 Nd3 18. Rab1 exf4 19. gxf4 Qh4 20. Rf3 Bb6+ 21. Kh2 Bc7 22. e5 Bg4 23. Rg3 Bxe2 24. Nxe2 Nxf4 25. Rg4 Qf2 26. Rxf4 Bxe5 27. Rf1 Bxf4+ 28. Kh1 Rd2 0-1

[Event "Cto por Equipos de Aragon Division de Ho"]
[Site "?"]
[Date "2026.02.21"]
[Round "5.22"]
[White "Eizaguerri Floris, Maria"]
[Black "Cid Royo, Oscar"]
[Result "1-0"]
[WhiteElo "2161"]
[BlackElo "1987"]
[PlyCount "89"]
[GameId "2282252578447809"]
[EventDate "2026.01.24"]
[WhiteTeam "Iberajedrez Mundo 64"]
[BlackTeam "L'Aurora Estadilla M64"]

1. e4 c6 2. d4 d5 3. e5 Bf5 4. Nd2 h5 5. Nb3 e6 6. Nf3 Nd7 7. Be2 Be7 8. O-O g5 9. a4 Nh6 10. Ne1 g4 11. Bxh6 Rxh6 12. Bd3 Bxd3 13. Nxd3 Qc7 14. a5 c5 15. Qc1 Rg6 16. Nbxc5 Nxc5 17. dxc5 Bxc5 18. Qf4 Be7 19. Qa4+ Qc6 20. Qb3 Rc8 21. Nf4 Rg5 22. Rfe1 Rc7 23. c3 Qc4 24. Qa4+ Qxa4 25. Rxa4 a6 26. g3 Kd7 27. Nd3 Kc6 28. c4 dxc4 29. Rxc4+ Kd7 30. Rxc7+ Kxc7 31. Rc1+ Kd7 32. Kf1 Rf5 33. Ke2 Kd8 34. Rc4 Kd7 35. b4 Kd8 36. Kd2 Bf8 37. Kc3 Bg7 38. Kd4 Bf8 39. Ke4 Be7 40. Kd4 Rf3 41. Rc2 Kd7 42. Kc4 Kc6 43. Nf4 h4 44. Ra2 h3 45. Ne2 1-0

[Event "Cto por Equipos de Aragon Division de Ho"]
[Site "?"]
[Date "2026.02.21"]
[Round "5.23"]
[White "Lamas Mercadal, Manuel"]
[Black "Del Rey, Diego"]
[Result "0-1"]
[WhiteElo "2174"]
[BlackElo "2282"]
[PlyCount "88"]
[GameId "2282252578447810"]
[EventDate "2026.01.24"]
[WhiteTeam "ONCE C.A. Aragon- Delicias"]
[BlackTeam "El Olivar"]

1. e4 c6 2. d4 d5 3. Nc3 g6 4. e5 Bg7 5. f4 Nh6 6. Nf3 Qb6 7. h3 Nf5 8. Ne2 h5 9. g3 c5 10. c3 Nc6 11. Bg2 cxd4 12. cxd4 Bd7 13. O-O O-O-O 14. Qb3 Qxb3 15. axb3 f6 16. Bd2 Kb8 17. Rfc1 Rc8 18. Rc5 e6 19. Kf2 fxe5 20. fxe5 Rhf8 21. Ke1 Rg8 22. Bf4 Bf8 23. Rcc1 Be7 24. g4 Nh4 25. Nxh4 Bxh4+ 26. Kd2 hxg4 27. hxg4 Be7 28. Bxd5 exd5 29. e6+ Ka8 30. exd7 Rcd8 31. Nc3 Rxd7 32. Nb5 Rf8 33. Be5 Bg5+ 34. Ke2 Bxc1 35. Rxc1 Nxe5 36. dxe5 Re7 37. Kd3 Rxe5 38. Rc7 Rg5 39. Nd6 Rb8 40. Nc8 Rxg4 41. Rc1 Rb4 42. Rc5 Rxb3+ 43. Kc2 Re3 44. Kd2 Re6 0-1

[Event "Cto por Equipos de Aragon Division de Ho"]
[Site "?"]
[Date "2026.02.21"]
[Round "5.24"]
[White "Galstyan, David"]
[Black "Llanes Luno, Ricardo"]
[Result "1-0"]
[WhiteElo "2248"]
[BlackElo "2152"]
[PlyCount "127"]
[GameId "2282252578447811"]
[EventDate "2026.01.24"]
[WhiteTeam "El Olivar"]
[BlackTeam "ONCE C.A. Aragon- Delicias"]

1. e4 c5 2. Nf3 e6 3. d4 cxd4 4. Nxd4 a6 5. c4 Nf6 6. Nc3 Bb4 7. Qd3 Nc6 8. Nxc6 dxc6 9. Qxd8+ Kxd8 10. e5 Nd7 11. Bf4 Bxc3+ 12. bxc3 b6 13. h4 h5 14. O-O-O c5 15. Rh3 Bb7 16. Rhd3 Bc6 17. Be2 Ra7 18. Rd6 Rc7 19. g4 hxg4 20. Bxg4 g6 21. Bg5+ Kc8 22. f4 b5 23. Be2 Kb7 24. cxb5 axb5 25. Rxc6 Kxc6 26. Rd6+ Kb7 27. Bxb5 Nb8 28. a4 Nc6 29. a5 Ne7 30. Bf6 Ra8 31. Bxe7 Rxe7 32. Bc6+ Ka7 33. Bxa8 Kxa8 34. Rc6 Kb7 35. Rxc5 Re8 36. Kc2 Rh8 37. Kb3 Rxh4 38. Rc4 Rh1 39. Kb4 Rb1+ 40. Kc5 Kc7 41. Ra4 Rd1 42. c4 Rf1 43. a6 Kb8 44. Rb4+ Ka8 45. Rb7 Rxf4 46. Re7 Rf1 47. Kb6 Rb1+ 48. Kc6 Rf1 49. c5 g5 50. Re8+ Ka7 51. Rg8 Rd1 52. Rxg5 Kxa6 53. Rg8 Ka7 54. Rf8 Rf1 55. Kd7 Rd1+ 56. Ke7 Rd5 57. Rxf7 Kb8 58. Kxe6 Rxc5 59. Rd7 Kc8 60. Rd1 Rc2 61. Kf6 Rf2+ 62. Ke7 Rc2 63. e6 Rf2 64. Rc1+ 1-0

[Event "Cto por Equipos de Aragon Division de Ho"]
[Site "?"]
[Date "2026.02.21"]
[Round "5.25"]
[White "Gavin Roche, Enrique"]
[Black "Miranda Herrera, Miguel"]
[Result "0-1"]
[WhiteElo "2129"]
[BlackElo "2177"]
[PlyCount "64"]
[GameId "2282252578447812"]
[EventDate "2026.01.24"]
[WhiteTeam "ONCE C.A. Aragon- Delicias"]
[BlackTeam "El Olivar"]

1. d4 Nf6 2. c4 g6 3. Nc3 Bg7 4. e4 d6 5. Be2 O-O 6. Nf3 e5 7. d5 a5 8. Bg5 h6 9. Bh4 Na6 10. Nd2 Bd7 11. a3 Qe8 12. O-O Nh7 13. b3 h5 14. f3 Bh6 15. Bf2 f5 16. Rb1 Nc5 17. b4 axb4 18. axb4 Na4 19. Nxa4 Bxa4 20. Qc1 fxe4 21. fxe4 Nf6 22. Bf3 Bd7 23. Qc2 g5 24. Be3 Qg6 25. Qd3 g4 26. Be2 h4 27. g3 Nh5 28. Rxf8+ Rxf8 29. Bxh6 Qxh6 30. Nf1 hxg3 31. hxg3 Kg7 32. Qc2 Nxg3 0-1

[Event "Cto por Equipos de Aragon Division de Ho"]
[Site "?"]
[Date "2026.02.21"]
[Round "5.26"]
[White "Munoz Valles, Jorge"]
[Black "Laliena Solanes, Luis"]
[Result "1-0"]
[WhiteElo "2076"]
[BlackElo "2097"]
[PlyCount "59"]
[GameId "2282252578447813"]
[EventDate "2026.01.24"]
[WhiteTeam "El Olivar"]
[BlackTeam "ONCE C.A. Aragon- Delicias"]

1. d4 Nf6 2. c4 d6 3. Nf3 g6 4. Nc3 Bf5 5. Nd2 e5 6. e4 exd4 7. Nd5 Be6 8. Qf3 Bg7 9. Nb3 c6 10. Nf4 Bg4 11. Qg3 O-O 12. f3 Bc8 13. Bd3 a5 14. h4 d5 15. cxd5 cxd5 16. h5 dxe4 17. fxe4 Nc6 18. hxg6 hxg6 19. Nxg6 fxg6 20. Bc4+ Rf7 21. Qxg6 Ne5 22. Bxf7+ Nxf7 23. Bf4 Qe7 24. Nd2 Ra6 25. Rc1 Bd7 26. Rc7 Nxe4 27. Qh7+ Kf8 28. Nxe4 Rc6 29. O-O Bf5 30. Qxf5 1-0

[Event "Cto por Equipos de Aragon Division de Ho"]
[Site "?"]
[Date "2026.02.21"]
[Round "5.27"]
[White "Ramiro Ovejero, Juan Luis"]
[Black "Romero Pallares, Daniel"]
[Result "1/2-1/2"]
[WhiteElo "2334"]
[BlackElo "2257"]
[PlyCount "103"]
[GameId "2282252578447814"]
[EventDate "2026.01.24"]
[WhiteTeam "Maristas"]
[BlackTeam "Palacio De Pioneros"]

1. d4 Nf6 2. Nf3 g6 3. Bg5 Bg7 4. Nbd2 O-O 5. c3 h6 6. Bh4 d6 7. e3 Qe8 8. Be2 e5 9. h3 Nc6 10. O-O e4 11. Nh2 Nh7 12. Qb3 Kh8 13. Rae1 g5 14. Bg3 f5 15. f3 Nf6 16. fxe4 Nxe4 17. Nxe4 Qxe4 18. Bf3 Qe7 19. e4 f4 20. Bf2 Bd7 21. Qd1 a5 22. Bg4 Be8 23. Bh5 Bf7 24. Bxf7 Qxf7 25. h4 gxh4 26. Bxh4 Qxa2 27. Qh5 a4 28. Bg5 Qf7 29. Qh4 Qg6 30. Bxf4 Rg8 31. Qh3 Ra5 32. d5 Ne5 33. Bxe5 Bxe5 34. Nf3 Bg3 35. Re2 a3 36. bxa3 Rf8 37. Nh4 Rxf1+ 38. Kxf1 Bxh4 39. Qxh4 Rxa3 40. Qd8+ Qg8 41. Qxc7 Qf8+ 42. Kg1 Ra1+ 43. Kh2 Qf4+ 44. g3 Qf1 45. Qc8+ Kg7 46. Qg4+ Kh8 47. Qc8+ Kg7 48. Qd7+ Kh8 49. Qe8+ Kg7 50. Qe7+ Kh8 51. Qe8+ Kg7 52. Qe7+ 1/2-1/2

[Event "Cto por Equipos de Aragon Division de Ho"]
[Site "?"]
[Date "2026.02.21"]
[Round "5.28"]
[White "Palacios Herrero, Pablo"]
[Black "Ramo Frontinan, Cristobal"]
[Result "1/2-1/2"]
[WhiteElo "2175"]
[BlackElo "2246"]
[PlyCount "70"]
[GameId "2282252578513351"]
[EventDate "2026.01.24"]
[WhiteTeam "Palacio De Pioneros"]
[BlackTeam "Maristas"]

1. e4 e5 2. Nf3 Nf6 3. Nxe5 d6 4. Nf3 Nxe4 5. d4 d5 6. Bd3 Nc6 7. O-O Be7 8. Re1 Bg4 9. c3 f5 10. Qb3 O-O 11. Ne5 Nxe5 12. dxe5 Nc5 13. Qc2 Nxd3 14. Qxd3 f4 15. Nd2 c5 16. Nf3 Qd7 17. Bd2 Qc6 18. Rad1 c4 19. Qe2 Bc5 20. Bc1 Rae8 21. Rd2 Rf5 22. Qd1 Bxf3 23. Qxf3 Rfxe5 24. Rde2 Rxe2 25. Rxe2 Rxe2 26. Qxe2 g5 27. h4 h6 28. hxg5 hxg5 29. Qg4 Qf6 30. Qc8+ Bf8 31. Qxb7 Qe6 32. Kh2 Qh6+ 33. Kg1 Qe6 34. Kh2 Qh6+ 35. Kg1 Qe6 1/2-1/2

[Event "Cto por Equipos de Aragon Division de Ho"]
[Site "?"]
[Date "2026.02.21"]
[Round "5.29"]
[White "Newrkla, Katharina"]
[Black "Zambrana Petisme, Ramiro"]
[Result "1/2-1/2"]
[WhiteElo "2231"]
[BlackElo "2077"]
[PlyCount "95"]
[GameId "2282252578513352"]
[EventDate "2026.01.24"]
[WhiteTeam "Maristas"]
[BlackTeam "Palacio De Pioneros"]

1. e4 c5 2. Nf3 g6 3. d4 cxd4 4. Nxd4 Nc6 5. c4 Nf6 6. Nc3 d6 7. Be2 Nxd4 8. Qxd4 Bg7 9. Be3 O-O 10. Qd2 a5 11. Rd1 a4 12. O-O Qa5 13. f3 Be6 14. Nd5 Bxd5 15. Qxa5 Rxa5 16. cxd5 Nd7 17. Rc1 Nc5 18. Rc2 f5 19. exf5 Rxf5 20. f4 Kf8 21. g4 Rxd5 22. Bc4 Bd4 23. Bxd5 Bxe3+ 24. Kg2 Rb5 25. Rf3 Bd4 26. b3 axb3 27. axb3 e6 28. Bc4 Rb6 29. Rd2 Bf6 30. f5 gxf5 31. gxf5 e5 32. Rh3 Ne4 33. Ra2 Ng5 34. Rg3 e4 35. Ra8+ Ke7 36. Re3 Bd4 37. Re2 e3 38. h4 Ne4 39. Kf3 Nc3 40. Rg2 d5 41. Bd3 Rxb3 42. Rgg8 Rb2 43. Rge8+ Kd6 44. Rad8+ Kc7 45. Rc8+ Kd7 46. Rcd8+ Kc7 47. Rc8+ Kd7 48. Rcd8+ 1/2-1/2

[Event "Cto por Equipos de Aragon Division de Ho"]
[Site "?"]
[Date "2026.02.21"]
[Round "5.30"]
[White "Caballero Ortin, Jorge"]
[Black "Campo Millan, Diego"]
[Result "0-1"]
[WhiteElo "1908"]
[BlackElo "2034"]
[PlyCount "86"]
[GameId "2282252578513353"]
[EventDate "2026.01.24"]
[WhiteTeam "Palacio De Pioneros"]
[BlackTeam "Maristas"]

1. d4 Nf6 2. Bg5 c5 3. Bxf6 gxf6 4. d5 Qb6 5. b3 f5 6. e3 Bg7 7. c3 a5 8. a4 Na6 9. Ra2 Qf6 10. Nh3 h5 11. Rc2 e5 12. dxe6 fxe6 13. Nf4 h4 14. Nh5 Qg5 15. Nxg7+ Qxg7 16. Qd6 c4 17. bxc4 Qe7 18. Qe5 Rg8 19. Be2 Qc5 20. Qf6 Qe7 21. Bh5+ Kd8 22. Qd4 Nc5 23. Na3 Ra6 24. Nb5 Nxa4 25. Qe5 Rc6 26. Na7 Rc5 27. Qb8 Rxc4 28. Bf3 d5 29. O-O Qc7 30. Qxc7+ Rxc7 31. Nb5 Rc5 32. Nd6 Kd7 33. Nf7 b5 34. Ne5+ Kd6 35. Nf7+ Ke7 36. Ne5 Nxc3 37. Rfc1 b4 38. Nd3 Rc7 39. Ra1 Ba6 40. Nxb4 axb4 41. Rxa6 Ne2+ 42. Bxe2 Rxc2 43. Bf1 Rb8 0-1